La crisis financiera internacional : efectos sectoriales en México y en su frontera norte /

Obra donde se analizan los efectos del desempeño económico de México, especialmente de la frontera norte, después de la crisis económica mundial de 2008, donde abundó el desplome en el intercambio de materias primas, la caída de exportaciones, la reducción de ingresos por turismo, la disminución de...

Descrición completa

Gardado en:
Detalles Bibliográficos
Autor Principal: Mendoza Cota, Jorge Eduardo (autor)
Formato: Libro
Idioma:Lingua castelá
Publicado: Tijuana, México : El Colegio de la Frontera Norte ; 2013, c2013
Temas:
Etiquetas: Engadir etiqueta
Sen Etiquetas, Sexa o primeiro en etiquetar este rexistro!

MARC

LEADER 00000nam^a2200000^a^4500
001 000347693
005 20250521000000.0
009 20260526141418.148
020 |a 978-607-479-107-5 
037 |a Acervo ITESO - Biblioteca 
041 |a ESP 
082 |a 330. 9720712  |b MEN 
100 |a Mendoza Cota, Jorge Eduardo  |e (autor) 
245 1 3 |a La crisis financiera internacional :  |b efectos sectoriales en México y en su frontera norte /  |c J.E. Mendoza Cota. 
264 4 |a Tijuana, México :  |b El Colegio de la Frontera Norte ;  |c 2013, c2013 
300 |a 420 p. 
336 |a texto  |b txt  |2 rdacontenido 
337 |a sin mediación  |b n  |2 rdamedio 
338 |a volumen  |b nc  |2 rdasoporte 
520 |a Obra donde se analizan los efectos del desempeño económico de México, especialmente de la frontera norte, después de la crisis económica mundial de 2008, donde abundó el desplome en el intercambio de materias primas, la caída de exportaciones, la reducción de ingresos por turismo, la disminución de remesas, y el aumento del desempleo y la pobreza. 
649 |a XX 
650 |a Sistema Financiero -  |z México 
650 |a Finanzas -  |z México 
650 |a Fluctuaciones Económicas -  |z México (Región Norte) -  |x Historia -  |y 2006-2012 
650 |a Fluctuaciones Económicas -  |z México -  |x Historia -  |y 2006-2012 
650 |a Producción Económica -  |z México (Región Norte) -  |x Historia -  |y 2006-2012 
650 |a Producción Económica -  |z México -  |x Historia -  |y 2006-2012 
650 |a Crisis Económica -  |z México (Región Norte) -  |x Tema Principal 
650 |a Crisis Económica -  |z México - 
650 |a Economía -  |z México (Región Norte) -  |x Historia -  |y 2006-2012 
650 |a Economía -  |z México -  |x Historia -  |y 2006-2012 
650 |a México (Región Norte) -  |x Condiciones Económicas 
650 |a México -  |x Condiciones Económicas 
910 |a Fondo General 
920 |a Impresos - Libros 
930 |a Colección General 
905 |a 101 
901 |a 0500237837  |b IT1  |c ACC  |i C143125  |u 20250521 
902 |a https://opac.biblio.iteso.mx/vufind/Record/000347693